[Event "pela segunda vez "]
[Site "http://www.queenalice.com/game.php?id=729336"]
[Date "2010.2.10"]
[Round "-"]
[White "guilhermeco"]
[Black "heberesteves"]
[Result "0-1"]
[WhiteElo "1127"]
[BlackElo "1458"]

1. d4 d6 2. e4 d5 3. exd5 Qxd5 4. Qf3 Qxd4 5. c3 Qe5+ 6. Be2 e6 7. Bf4 Qa5 8.
Na3 Nc6 9. b4 Qxa3 10. Bb5 Bd7 11. Bxc7 Qb2 12. Qe3 Qxa1+ 13. Ke2 b6 14. a3 Qxa3
15. Nf3 Nxb4 16. Bxd7+ Kxd7 17. Qd4+ Kxc7 18. Qc4+ Nc6 19. Rb1 b5 20. Qf4+ Bd6
21. Qxf7+ Nge7 22. Qxg7 Qa2+ 23. Rb2 Qxb2+ 24. Nd2 Bf4 25. Qf6 Qxd2+ 0-1

[Event "Let's Play Chess!"]
[Site "http://www.queenalice.com/game.php?id=729339"]
[Date "2010.2.10"]
[Round "-"]
[White "guilhermeco"]
[Black "spawnwolfwolverine"]
[Result "0-1"]
[WhiteElo "1103"]
[BlackElo "1510"]

1. e4 e5 2. d4 exd4 3. Qxd4 Nc6 4. Qc4 d6 5. Nf3 Bg4 6. h3 Bxf3 7. gxf3 Be7 8.
Be2 Nf6 9. Bg5 O-O 10. Nc3 a6 11. O-O-O Ne5 12. Qb3 b5 13. Rhg1 c5 0-1

[Event "Challenge"]
[Site "http://www.queenalice.com/game.php?id=729958"]
[Date "2010.2.11"]
[Round "-"]
[White "guilhermeco"]
[Black "boboi"]
[Result "0-1"]
[WhiteElo "1124"]
[BlackElo "1333"]

1. e4 c5 2. d4 cxd4 3. Qxd4 Nc6 4. Qc4 Nf6 5. Bg5 b5 6. Qb3 b4 7. Nf3 e6 8. Bb5
Qb6 9. Bd3 a5 10. Nh4 a4 11. Qc4 Ba6 0-1

[Event "Challenge"]
[Site "http://www.queenalice.com/game.php?id=729959"]
[Date "2010.2.11"]
[Round "-"]
[White "guilhermeco"]
[Black "boboi"]
[Result "0-1"]
[WhiteElo "1116"]
[BlackElo "1341"]

1. e4 c5 2. d4 cxd4 3. Qxd4 Nf6 4. Bg5 Nc6 5. Qc4 b5 6. Qb3 b4 7. Nf3 e6 8. Bb5
Qb6 9. Bd3 Bb7 10. Bc4 Na5 11. Qe3 Nxc4 0-1

[Event "Let's Play Chess!"]
[Site "http://www.queenalice.com/game.php?id=731781"]
[Date "2010.2.14"]
[Round "-"]
[White "guilhermeco"]
[Black "ljkhalil"]
[Result "0-1"]
[WhiteElo "1128"]
[BlackElo "1746"]

1. d4 d5 2. e3 Nc6 3. c3 f5 4. Qh5+ g6 5. Qh3 e5 6. dxe5 Nxe5 7. Bb5+ c6 8. Be2
f4 9. exf4 Bxh3 10. gxh3 Bh6 11. Na3 Nc4 12. Nxc4 dxc4 13. Bxc4 Qe7+ 14. Be3 Qe4
15. O-O-O Qxh1 16. Ne2 Qe4 17. Ng3 Qxc4 18. h4 Ne7 19. b4 Bxf4 20. Bxf4 Qxf4+
21. Rd2 Rd8 22. Nf1 Rxd2 0-1

[Event "Copa do Mundo"]
[Site "http://www.queenalice.com/game.php?id=733061"]
[Date "2010.2.17"]
[Round "-"]
[White "Mamonas"]
[Black "guilhermeco"]
[Result "1-0"]
[WhiteElo "1593"]
[BlackElo "1126"]

1. e4 e5 2. Nf3 d6 3. d4 f6 4. c3 Nc6 5. d5 Na5 6. Bb5+ Bd7 7. Bxd7+ Qxd7 8. Qd3
O-O-O 9. Qe3 Nc4 10. Qxa7 Qb5 11. Na3 Qc5 12. Qxc5 1-0

[Event "Challenge"]
[Site "http://www.queenalice.com/game.php?id=734756"]
[Date "2010.2.20"]
[Round "-"]
[White "guilhermeco"]
[Black "LuisHenrique"]
[Result "1-0"]
[WhiteElo "1097"]
[BlackElo "1641"]

1. e4 c5 2. d3 e6 3. Nc3 Nc6 4. Bf4 e5 5. Be3 Nf6 6. Bg5 h6 7. Bh4 Be7 8. Nb5 a6
9. Na3 d6 10. f3 d5 11. exd5 Nxd5 12. Nh3 Bxh4+ 13. g3 1-0

[Event "AUTO-OPEN-1905"]
[Site "http://www.queenalice.com/game.php?id=744014"]
[Date "2010.3.10"]
[Round "1"]
[White "reynegro64"]
[Black "guilhermeco"]
[Result "0-1"]
[WhiteElo "1495"]
[BlackElo "1122"]

1. e4 e5 2. Nf3 f6 3. Nxe5 fxe5 4. Qh5+ g6 5. Qxe5+ Qe7 6. Qxh8 Qxe4+ 7. Kd1 d6
8. Bb5+ c6 9. Re1 d5 10. Rxe4+ Be7 11. Qxg8+ Kd7 0-1

[Event "AUTO-OPEN-1905"]
[Site "http://www.queenalice.com/game.php?id=744015"]
[Date "2010.3.10"]
[Round "1"]
[White "guilhermeco"]
[Black "reynegro64"]
[Result "1-0"]
[WhiteElo "1152"]
[BlackElo "1465"]

1. e4 c5 2. Bc4 e6 3. d4 cxd4 4. Qxd4 Nc6 5. Qd3 Ne5 6. Qd2 Nxc4 7. Qd4 d5 8.
Qc3 Nf6 9. Qb3 Nxe4 10. Qb5+ Qd7 11. Qxd7+ Bxd7 12. f3 1-0

[Event "AUTO-OPEN-1905"]
[Site "http://www.queenalice.com/game.php?id=744042"]
[Date "2010.3.10"]
[Round "1"]
[White "guilhermeco"]
[Black "njnnjn"]
[Result "0-1"]
[WhiteElo "1175"]
[BlackElo "1911"]

1. e4 e5 2. d4 d6 3. dxe5 dxe5 4. Qxd8+ Kxd8 5. Bg5+ Be7 6. Be3 Nf6 7. Bd3 Be6
8. Bg5 Nc6 9. Bxf6 Bxf6 10. Nc3 a6 11. Na4 Nd4 12. O-O-O Ke7 13. Bb5 axb5 14.
Nc3 c6 15. Nf3 Nxf3 16. Rd3 Nd4 17. Rg3 Bxa2 0-1

[Event "AUTO-OPEN-1905"]
[Site "http://www.queenalice.com/game.php?id=744043"]
[Date "2010.3.10"]
[Round "1"]
[White "njnnjn"]
[Black "guilhermeco"]
[Result "1-0"]
[WhiteElo "1911"]
[BlackElo "1175"]

1. e4 e5 2. Nc3 d5 3. exd5 c6 4. Bc4 Bb4 5. dxc6 Nxc6 6. Qf3 Nf6 7. Nge2 Be6 8.
Bxe6 Qd4 9. Bxf7+ Kxf7 10. Nxd4 exd4 11. a3 Bxc3 12. dxc3 Rhe8+ 13. Be3 Re7 14.
O-O-O Rae8 15. Bg5 Re2 16. Bxf6 Ne5 17. Qxe2 1-0

[Event "AUTO-OPEN-1905"]
[Site "http://www.queenalice.com/game.php?id=744044"]
[Date "2010.3.10"]
[Round "1"]
[White "guilhermeco"]
[Black "Claudio49"]
[Result "0-1"]
[WhiteElo "1181"]
[BlackElo "1833"]

1. e4 c5 2. Bc4 e6 3. d3 d5 4. Bb5+ Bd7 5. Bxd7+ Qxd7 6. exd5 Qxd5 7. Be3 Qxg2
8. Qh5 Qxh1 9. Qe5 Qxg1+ 10. Ke2 Nc6 11. Qe4 Nf6 12. Qa4 Ng4 13. Bg5 Qxf2+ 14.
Kd1 Qg1+ 15. Kd2 Ne5 16. Qb3 Nf3+ 17. Kc3 Qd4# 0-1

[Event "AUTO-OPEN-1905"]
[Site "http://www.queenalice.com/game.php?id=744045"]
[Date "2010.3.10"]
[Round "1"]
[White "Claudio49"]
[Black "guilhermeco"]
[Result "1-0"]
[WhiteElo "1846"]
[BlackElo "1175"]

1. e4 e5 2. f4 exf4 3. Nf3 Bd6 4. d4 Bb4+ 5. c3 Bxc3+ 6. Nxc3 d6 7. Bxf4 Bg4 8.
h3 Bxf3 9. Qxf3 Qh4+ 10. Bg3 Qh6 11. Nd5 Nc6 12. Nxc7+ Kd8 13. Nxa8 Qe6 14. d5
Qh6 15. dxc6 bxc6 16. e5 dxe5 17. Rd1+ Qd6 18. Rxd6+ Ke7 19. Qxc6 1-0

[Event "AUTO-OPEN-1907"]
[Site "http://www.queenalice.com/game.php?id=744712"]
[Date "2010.3.11"]
[Round "1"]
[White "guilhermeco"]
[Black "luciopac"]
[Result "0-1"]
[WhiteElo "1181"]
[BlackElo "2188"]

1. e4 d5 2. f3 dxe4 3. fxe4 e5 4. d4 Qxd4 5. Qxd4 exd4 6. Ne2 c5 7. c3 Nc6 8. g3
Nf6 9. Bg2 Bg4 10. Bg5 d3 11. Nf4 Ne5 12. Bxf6 gxf6 13. Nd5 O-O-O 14. Na3 Bh6
15. O-O d2 16. Rfd1 Bxd1 17. Rxd1 Nd3 18. Rf1 Ne1 0-1

[Event "AUTO-OPEN-1907"]
[Site "http://www.queenalice.com/game.php?id=744713"]
[Date "2010.3.11"]
[Round "1"]
[White "luciopac"]
[Black "guilhermeco"]
[Result "1-0"]
[WhiteElo "2180"]
[BlackElo "1124"]

1. e4 e5 2. Nf3 f6 3. d4 d6 4. dxe5 fxe5 5. Bc4 Nf6 6. O-O Bg4 7. h3 Bd7 8. Ng5
Nh5 9. Qxh5+ g6 10. Bf7+ Ke7 11. Bxg6 Bg7 12. Nxh7 Rxh7 13. Qxh7 Kf8 14. f4 exf4
15. Rxf4+ Ke7 16. Qxg7+ Ke6 17. Bf5# 1-0

[Event "AUTO-OPEN-1907"]
[Site "http://www.queenalice.com/game.php?id=744714"]
[Date "2010.3.11"]
[Round "1"]
[White "guilhermeco"]
[Black "LEOKnopp"]
[Result "0-1"]
[WhiteElo "1175"]
[BlackElo "1390"]

1. e4 e5 2. d4 Nc6 3. dxe5 Nxe5 4. Bf4 Bd6 5. Qd2 Ng4 6. Bg5 f6 7. Be3 Be5 8.
Bc5 d6 9. Ba3 c5 10. Bb5+ Bd7 11. b4 Bxa1 12. Qxd6 Be5 13. Qd2 Bxb5 14. bxc5 Kf7
15. f3 N4h6 16. Qxd8 Rxd8 17. Nc3 Bxc3+ 18. Kf2 Rd2+ 19. Ke1 Rd4+ 20. Kf2 Rd1
0-1

[Event "AUTO-OPEN-1907"]
[Site "http://www.queenalice.com/game.php?id=744715"]
[Date "2010.3.11"]
[Round "1"]
[White "LEOKnopp"]
[Black "guilhermeco"]
[Result "1-0"]
[WhiteElo "1397"]
[BlackElo "1168"]

1. e4 e5 2. Nf3 f6 3. Bc4 Nc6 4. Nc3 Bb4 5. Ng5 fxg5 6. a3 Bc5 7. b4 Be7 8. d3
Nf6 9. Bxg5 Ng8 10. Bxg8 Rxg8 11. Qh5+ g6 12. Qxh7 Rf8 13. Nd5 Bxg5 14. Qxg6+
Rf7 15. b5 Nd4 16. O-O Bd2 17. Rfd1 Qh4 18. Rxd2 d6 19. Nxc7+ Kd8 20. Qxf7 1-0